| 000 | 00668 a2200229 4500 | ||
|---|---|---|---|
| 001 | 54522 | ||
| 005 | 20260407155818.0 | ||
| 008 | 260407a1990 arg spa d | ||
| 003 | AR-UNSa-BCEJYS | ||
| 040 |
_aAR-UNSa-BCEJYS _bspa _cAR-UNSa-BCEJYS |
||
| 080 |
_a336.22 _xImpuestos |
||
| 245 | 1 | 0 |
_aImpuestos sobre la renta y el patrimonio _ptécnica y práctica |
| 020 | _a950-9524-45-X | ||
| 264 | 1 |
_aBuenos Aires : _bErrepar _c1990 |
|
| 300 |
_a615 p. _c21 cm. |
||
| 942 | _cBK | ||
| 590 | _aniveau_biblio:m niveau_hierar:0 | ||
| 100 | 1 | _aChiarantano, Patricia M. | |
| 700 | 1 | _aCondoleo, Roberto O. | |
| 700 | 1 | _aMacías, Marcerlo D. | |
| 700 | 1 | _aTurati, Emilio R. | |
| 999 |
_c5604 _d5604 |
||